| 000 | 01163cam a2200241 4500 | ||
|---|---|---|---|
| 001 | WB3911-13 | ||
| 008 | 030320n2003 000 0 eng u | ||
| 035 | _a(Sirsi) u121700 | ||
| 245 | _aGreen farmers see red | ||
| 260 | _c2003 | ||
| 490 |
_aRICS Press Release _v(021) 20 March 2003, (2) |
||
| 520 | _aCommon Agricultural Policy reform may find farmers who had entered schemes committing themselves to environmentally friendly farming unjustly penalised.Farmers entering into these schemes will miss out on the new 'broad and shallow' schemes, where they could be subsidised as an incentive to use green farming methods and they will also miss out on the Single Farm Payment proposed in the reform. For the RICS Press Release: http://www.rics.org/ricscms/bin/show?class=PressRelease&template=/includes/showpr.html&id=883&faculty=RICS | ||
| 590 | _aWB | ||
| 650 | _aCOMMON AGRICULTURAL POLICY | ||
| 650 | _aENVIRONMENTALLY FRIENDLY FARMING | ||
| 650 | _aDEFRA | ||
| 650 | _aCOUNTRYSIDE ALLIANCE | ||
| 650 | _aCAP REFORM | ||
| 650 | _aFARMING METHODS | ||
| 650 | _aSINGLE FARMING METHODS | ||
| 690 | _aRURAL-AGRICULTURE AND FORESTRY | ||
| 942 | _n0 | ||
| 999 |
_c72327 _d72327 |
||